Metoda direct costing, její vznik a vývoj. 1

Podstata a východisko metódy direct costing (kalkulácia variabilných nákladov), jej vznik a vývoj. Porovnanie hospodárskych výsledkov podniku pri uplatnení absorpčnej kalkulácie a pri uplatnení direct costing.

Salvato in:
Dettagli Bibliografici
Autore principale: Báča, J.
Natura: Capitolo di libro
Lingua:ceco
Soggetti:
Tags: Aggiungi Tag
Nessun Tag, puoi essere il primo ad aggiungerne!!

MARC

LEADER 00000naa a2200000 4500
001 r015278
005 20220824124036.0
041 0 |a cze 
044 |a CZ 
245 1 0 |a Metoda direct costing, její vznik a vývoj. 1  |c J. Báča 
520 |a Podstata a východisko metódy direct costing (kalkulácia variabilných nákladov), jej vznik a vývoj. Porovnanie hospodárskych výsledkov podniku pri uplatnení absorpčnej kalkulácie a pri uplatnení direct costing. 
610 2 0 |a kalkulácia nákladov 
610 2 0 |a náklady 
610 2 0 |a náklady priame 
610 2 0 |a náklady variabilné 
610 2 0 |a náklady fixné 
610 2 0 |a účtovníctvo vnútropodnikové 
610 2 0 |a náklady vlastné 
610 2 0 |a výsledok hospodársky 
100 1 |a Báča, J.